[Event "Ch Costa Rica"]
[Site "masterchessopen.com - Antiguo (Costa Rica)"]
[Round "2"]
[White "Minero Pineda Sergio (CRC)"]
[Black "Ugalde Ronald (CRC)"]
[Result "1-0"]
[WhiteElo "2382"]
[BlackElo "2183"]

1.Nf3 f5 2.d4 Nf6 3.g3 g6 4.Bg2 Bg7 5.O-O d6 6.c4 O-O 7.Nc3 Nc6 8.d5 Ne5
9.Nxe5 dxe5 10.Qb3 Kh8 11.Rd1 a6 12.Bd2 Qe8 13.c5 h6 14.Be1 g5 15.d6 exd6
16.cxd6 cxd6 17.Rxd6 e4 18.Qb6 Kh7 19.Rad1 Nd7 20.Qb4 Rf7 21.Qb3 Bf8 22.Nxe4
fxe4 23.Bxe4+ Kh8 24.Bc3+ Ne5 25.Bxe5+ Qxe5 26.Qxf7 Qg7 27.Qxg7+ Kxg7 28.Rd8
Be7 29.Re8 Kf7 30.Bg6+ Kxg6 31.Rxe7 Ra7 32.Rd6+ {#r} 1-0

[Event "It (open)"]
[Site "masterchessopen.com - Avoine (France)"]
[Round "4"]
[White "Huguet Bernard (FRA)"]
[Black "Corbet Laurent (FRA)"]
[Result "1-0"]
[WhiteElo "2126"]
[BlackElo "2248"]

1.c4 f5 2.d4 Nf6 3.Nc3 g6 4.g3 Bg7 5.Bg2 O-O 6.Nf3 d6 7.O-O Nc6 8.b3 a6 9.Bb2
Rb8 10.d5 Na5 11.Nd4 Bd7 12.Qd2 c5 13.dxc6 bxc6 14.Rab1 Ng4 15.Nf3 Nb7 16.Na4
Nf6 17.Rbd1 c5 18.Nc3 Bc6 19.Ng5 Bxg2 20.Kxg2 Bh6 21.h4 e5 22.e3 Qe8 23.Qe2 e4
24.Qd2 Ng4 25.Qd5+ Kh8 26.Ncxe4+ Ne5 27.Nxd6 Nxd6 28.Qxd6 Bg7 29.Ne6 {#r} 1-0

[Event "It (cat.3)"]
[Site "masterchessopen.com - Budapest (Hungary)"]
[Round "12"]
[White "Eperjesi Laszlo Dr (HUN)"]
[Black "Belotelov Dmitriy (RUS)"]
[Result "1-0"]
[WhiteElo "2381"]
[BlackElo "2267"]

1.d4 g6 2.c4 f5 3.g3 Nf6 4.Bg2 Bg7 5.Nf3 O-O 6.O-O d6 7.Nc3 Nc6 8.d5 Ne5
9.Nxe5 dxe5 10.Qb3 e6 11.Rd1 exd5 12.cxd5 Kh8 13.Bg5 h6 14.Be3 g5 15.Rac1 a6
16.Bc5 Rg8 17.d6 c6 18.Na4 Qe8 19.Bb6 Be6 20.Qb4 Nd5 21.Bxd5 Bxd5 22.Bc7 Qf7
23.Nb6 Raf8 24.Nxd5 cxd5 25.Qxb7 d4 26.Qc6 Bf6 27.d7 Qg7 28.Qd5 g4 29.Rc6 Kh7
30.Re6 {#r} 1-0

[Event "It (open)"]
[Site "masterchessopen.com - Budapest (Hungary)"]
[Round "9"]
[White "Pasztor Ferenc (HUN)"]
[Black "Kun Gabor (HUN)"]
[Result "1-0"]
[WhiteElo "2314"]
[BlackElo "2314"]

1.d4 f5 2.Nf3 Nf6 3.c4 g6 4.Nc3 Bg7 5.g3 O-O 6.Bg2 d6 7.O-O Nc6 8.d5 Na5 9.Nd2
c5 10.Qc2 a6 11.a4 Rb8 12.Rb1 Bd7 13.b4 cxb4 14.Rxb4 Qc7 15.Ba3 b5 16.axb5
axb5 17.cxb5 Rfc8 18.Ndb1 Bxb5 19.Rc1 Qd7 20.Qd1 Qe8 21.Nxb5 Rxc1 22.Qxc1 Rxb5
23.Qc7 Kf7 24.Rxb5 Qxb5 25.Nc3 Qa6 26.Bxd6 Qxd6 27.Qxa5 Qe5 28.e3 Ng4 29.Nd1
Qd6 30.Bf3 Ne5 31.Be2 Bf6 {#r} 1-0

[Event "Ch Cuba (1/2 final)"]
[Site "masterchessopen.com - Cuba"]
[Round "0"]
[White "Arencibia Juan Joel (CUB)"]
[Black "Perea Osmany (CUB)"]
[Result "0-1"]
[WhiteElo "2425"]
[BlackElo "2297"]

1.d4 f5 2.g3 Nf6 3.Bg2 g6 4.Nf3 Bg7 5.O-O O-O 6.c4 d6 7.Nc3 Nc6 8.d5 Ne5
9.Nxe5 dxe5 10.Qb3 Kh8 11.c5 b6 12.Qc4 bxc5 13.Qxc5 Qd6 14.Qxd6 cxd6 15.Bg5
Ba6 16.f3 h6 17.Be3 Rfc8 18.Rfd1 Rc7 19.Bf2 Rb8 20.Rab1 h5 21.Bf1 Rb4 22.Be3
Rcb7 23.b3 e4 24.Rbc1 Rc7 25.Na4 Rbb7 26.Rxc7 Rxc7 27.Bd4 Kg8 28.Nc3 Nd7
29.Bxg7 Kxg7 {#R} 0-1

[Event "Czech League 1999/00 (2nd) (b) 1999/00"]
[Site "masterchessopen.com - Czech Republic"]
[Round "0"]
[White "Innemann Frantisek (CZE)"]
[Black "Vanka Miloslav (CZE)"]
[Result "0-1"]
[WhiteElo "1888"]
[BlackElo "2218"]

1.Nf3 f5 2.d4 Nf6 3.c4 g6 4.Nc3 Bg7 5.g3 O-O 6.Bg2 d6 7.O-O Nc6 8.d5 Ne5
9.Nxe5 dxe5 10.e4 f4 11.gxf4 exf4 12.e5 Ng4 13.e6 Ne5 14.Qb3 f3 15.Bh3 g5
16.Re1 Qe8 17.Ne4 g4 18.Bf1 b6 19.Bd2 Ba6 20.Bc3 Rf4 21.Nd2 Qh5 22.Bxe5 Bxe5
23.Rxe5 Qxe5 24.Qa3 Rf6 25.Qxa6 Rh6 26.h3 Rf8 27.Qa3 Rg6 28.Qc3 gxh3+ 29.Kh1
Qg5 30.Bxh3 Qh4 {#R} 0-1

[Event "It (open) (b)"]
[Site "masterchessopen.com - Deizisau (Germany)"]
[Round "6"]
[White "Nadj Christian (GER)"]
[Black "Haeussler Frank (GER)"]
[Result "1-0"]
[WhiteElo "2159"]
[BlackElo "2017"]

1.d4 g6 2.c4 f5 3.Nc3 Nf6 4.g3 Bg7 5.Bg2 d6 6.Nf3 O-O 7.O-O Nc6 8.d5 Ne5
9.Nxe5 dxe5 10.Qc2 Nh5 11.b3 f4 12.Ne4 Bf5 13.Qd2 a5 14.Bb2 b6 15.Bc3 Qd7
16.Qb2 Bh3 17.Bxe5 Bxg2 18.Kxg2 Qf5 19.Bxg7 f3+ 20.exf3 Qxf3+ 21.Kg1 Nxg7
22.Rae1 Nf5 23.Qc3 Qg4 24.f3 Qh3 25.Ng5 Qh6 26.Ne6 Rf7 27.Nxc7 Qg5 28.f4 {#r}
1-0

[Event "Ch Euskadi"]
[Site "masterchessopen.com - Euskadi (Spain)"]
[Round "5"]
[White "Garcia Moreno Jose A (ESP)"]
[Black "Gastanares Lopez Javier (ESP)"]
[Result "0-1"]
[WhiteElo "2008"]
[BlackElo "2116"]

1.d4 f5 2.c4 Nf6 3.Nc3 g6 4.Nf3 Bg7 5.g3 O-O 6.Bg2 d6 7.O-O Nc6 8.Qc2 e5
9.dxe5 dxe5 10.Rd1 Qe7 11.Bg5 Be6 12.Nd5 Qf7 13.Qb3 e4 14.Bxf6 Bxf6 15.Nxf6+
Qxf6 16.Ne1 b6 17.Rac1 Na5 18.Qc2 c5 19.b3 Rad8 20.e3 Nc6 21.a3 Ne5 22.Bf1 Rf7
23.Rxd8+ Qxd8 24.Rd1 Rd7 25.Rxd7 Qxd7 26.Ng2 Qd2 27.Qb1 Nf3+ 28.Kh1 Qxf2
29.Qd1 Qg1# 0-1

[Event "Bundesliga (2nd) West 1998/99 (w)"]
[Site "masterchessopen.com - Germany"]
[Round "0"]
[White "Cleven Maria (GER)"]
[Black "Limbach Renate (NED)"]
[Result "1-0"]
[WhiteElo "2051"]
[BlackElo "2142"]

1.Nf3 f5 2.d4 g6 3.c4 Nf6 4.Nc3 Bg7 5.g3 d6 6.Bg2 O-O 7.O-O Nc6 8.d5 Na5 9.Qd3
c5 10.Ng5 h6 11.Ne6 Bxe6 12.dxe6 Rb8 13.Nd5 Nc6 14.e4 Nxe4 15.Bxe4 fxe4
16.Qxe4 g5 17.h4 gxh4 18.Qxh4 Qe8 19.Bxh6 Qg6 20.Bxg7 Qxg7 21.Kg2 b5 22.Rae1
Rf5 23.Re4 Rg5 24.Rf4 Ne5 25.Rh1 Rb7 26.Ne3 bxc4 27.Nf5 Rxf5 28.Rxf5 Ng6
29.Qe4 {#r} 1-0

[Event "NRW-liga 1998/99"]
[Site "masterchessopen.com - Germany"]
[Round "9"]
[White "Roeder Mathias (GER)"]
[Black "Borngaesser Rene (GER)"]
[Result "0-1"]
[WhiteElo "2426"]
[BlackElo "2353"]

1.Nf3 g6 2.d4 f5 3.c4 Nf6 4.g3 Bg7 5.Bg2 d6 6.Nc3 O-O 7.O-O Nc6 8.d5 Na5 9.Qd3
c5 10.Rb1 a6 11.b3 b5 12.Bb2 Rb8 13.Nd2 Bd7 14.Ba1 Ng4 15.e3 g5 16.Qc2 bxc4
17.bxc4 Rxb1 18.Rxb1 f4 19.exf4 gxf4 20.Nce4 Bxa1 21.Rxa1 fxg3 22.hxg3 Qe8
23.Qc3 Qh5 24.Nf3 Nxc4 25.Qxc4 Rxf3 26.Bxf3 Qh2+ 27.Kf1 Bb5 28.Qxb5 axb5
29.Bxg4 Qh1+ {#R} 0-1

[Event "Oberliga 1999/00"]
[Site "masterchessopen.com - Germany"]
[Round "5"]
[White "Lenz Thomas (GER)"]
[Black "Geisler Fabian (GER)"]
[Result "0-1"]
[WhiteElo "2275"]
[BlackElo "2285"]

1.d4 f5 2.g3 Nf6 3.Bg2 g6 4.c4 Bg7 5.Nc3 O-O 6.Nf3 d6 7.O-O Nc6 8.d5 Ne5
9.Nxe5 dxe5 10.Qb3 h6 11.c5 Kh8 12.Qc4 g5 13.b4 e4 14.f3 Nxd5 15.Nxd5 c6
16.Ne3 Bxa1 17.fxe4 f4 18.gxf4 gxf4 19.Rd1 Qe8 20.Nf5 Be5 21.Qc2 Bxf5 22.exf5
Rd8 23.Rf1 Qd7 24.Bxf4 Qxf5 25.e4 Qh5 {#R} 0-1

[Event "Ch Hessen (open)"]
[Site "masterchessopen.com - Hessen (Germany)"]
[Round "2"]
[White "Epishin Vladimir (GER)"]
[Black "Zeuner Michael (GER)"]
[Result "1-0"]
[WhiteElo "2657"]
[BlackElo "2148"]

1.d4 g6 2.c4 f5 3.g3 Nf6 4.Bg2 Bg7 5.Nf3 O-O 6.O-O d6 7.Nc3 Nc6 8.Bf4 Ne4 9.d5
Nxc3 10.bxc3 Ne5 11.Qb3 Nxf3+ 12.exf3 e5 13.dxe6 Bxe6 14.Be3 Qd7 15.f4 c6
16.Rfd1 Rfd8 17.a4 Qf7 18.Rab1 Rd7 19.Bf1 c5 20.a5 Bf6 21.Rd2 h6 22.Ra2 Rb8
23.Ra4 b5 24.Qa3 b4 25.cxb4 Bxc4 26.Bxc4 Qxc4 27.a6 Rb5 28.Rc1 cxb4 29.Rxc4
bxa3 30.Rc8+ Kf7 31.Ra8 Bb2 32.Rxa7 {#r} 1-0

[Event "Ch Ukraine (juniors) (under 14) (g)"]
[Site "masterchessopen.com - Kiev (Ukraine)"]
[Round "0"]
[White "Demchenko Marina (UKR)"]
[Black "Zdebskaja Natalia (UKR)"]
[Result "0-1"]
[WhiteElo "2060"]
[BlackElo "2389"]

1.c4 f5 2.d4 Nf6 3.Nc3 d6 4.Nf3 g6 5.g3 Bg7 6.Bg2 O-O 7.O-O Nc6 8.d5 Na5 9.Qd3
c5 10.b3 h6 11.Bb2 Bd7 12.Nh4 Qe8 13.f4 Qf7 14.Rae1 Ng4 15.Qd2 Ne3 16.Rf3 Nxg2
17.Nxg2 b6 18.Nd1 Rad8 19.Bxg7 Qxg7 20.Nc3 Rf7 21.e4 e5 22.dxe6 Bxe6 23.Rd3
Rfd7 24.Nh4 Nc6 25.exf5 Bxf5 26.Nxf5 gxf5 27.Rd5 Nd4 28.Qd1 Re7 29.Rxe7 Qxe7
30.Nb5 Qe3+ 31.Kf1 Nf3 32.Qe2 Qg1# 0-1

[Event "It (open)"]
[Site "masterchessopen.com - Mendrisio (Switzerland)"]
[Round "4"]
[White "Martig Markus (SUI)"]
[Black "Joksic Sinisa (SRB)"]
[Result "1-0"]
[WhiteElo "2041"]
[BlackElo "2288"]

1.d4 g6 2.c4 f5 3.g3 Bg7 4.Bg2 Nf6 5.Nf3 O-O 6.O-O d6 7.Nc3 Nc6 8.d5 Na5 9.Qd3
c5 10.Ng5 Nh5 11.f4 h6 12.Nf3 Nf6 13.Nh4 Kh7 14.e4 fxe4 15.Nxe4 Bf5 16.Nxf5
gxf5 17.Nxf6+ Rxf6 18.Bh3 Qf8 19.Bd2 b6 20.Rae1 Re8 21.Re6 Rxe6 22.Bxf5+ Kh8
23.Bxe6 Bxb2 24.Qg6 Rd8 25.f5 Qg7 26.Bxh6 Qxg6 27.fxg6 Bg7 28.Rf7 Rg8 29.Bxg7+
{#r} 1-0

[Event "It (open)"]
[Site "masterchessopen.com - Nigran (Spain)"]
[Round "3"]
[White "Adla Diego (ARG)"]
[Black "Leiros Vila Avelino (ESP)"]
[Result "1-0"]
[WhiteElo "2470"]
[BlackElo "2159"]

1.d4 f5 2.c4 Nf6 3.g3 g6 4.Bg2 Bg7 5.Nf3 O-O 6.O-O d6 7.Nc3 Nc6 8.d5 Ne5
9.Nxe5 dxe5 10.e4 f4 11.gxf4 exf4 12.e5 Ng4 13.e6 Ne5 14.Qb3 f3 15.Bh3 g5
16.Re1 Qe8 17.Ne4 Qh5 18.Bf1 Ng4 19.h3 Be5 20.Bd2 Qh4 21.Bxg5 Bh2+ 22.Kh1
Nxf2+ 23.Kxh2 Ng4+ 24.Kh1 Nf2+ 25.Nxf2 {#r} 1-0

[Event "Ch World (juniors) (under 18) (g)"]
[Site "masterchessopen.com - Oropesa (Spain)"]
[Round "7"]
[White "Bjerke Silje (NOR)"]
[Black "Tsikarishvili Nana (GEO)"]
[Result "0-1"]
[WhiteElo "2216"]
[BlackElo "2144"]

1.d4 f5 2.g3 Nf6 3.Bg2 g6 4.Nf3 Bg7 5.O-O O-O 6.c4 d6 7.Nc3 Nc6 8.Re1 e5
9.dxe5 dxe5 10.Nd2 Nd4 11.e3 Ne6 12.e4 f4 13.Nf3 Nd7 14.b3 c6 15.Ba3 Rf7
16.Bh3 Nd4 17.Qd3 fxg3 18.Bg2 Nc5 19.Qd1 Nxf3+ 20.Bxf3 Qxd1 21.Nxd1 Ne6 22.Bg2
Nd4 23.Rc1 gxh2+ 24.Kxh2 Bh6 25.Ne3 Rxf2 26.Kh1 Bxe3 27.Rxe3 Nc2 {#R} 0-1

[Event "It (open) \"]
[Site "masterchessopen.com - Romania"]
[Round "0"]
[White "Popa Marian (ROM)"]
[Black "Grunberg Sergiu-Florin (ROM)"]
[Result "0-1"]
[WhiteElo "1918"]
[BlackElo "2220"]

1.d4 f5 2.c4 Nf6 3.Nc3 g6 4.Nf3 Bg7 5.g3 O-O 6.Bg2 d6 7.O-O Nc6 8.d5 Na5 9.Nd2
c5 10.e4 fxe4 11.Ncxe4 Nxe4 12.Bxe4 Bh3 13.Re1 Bd4 {#R} 0-1

[Event "Ch Estonia (team)"]
[Site "masterchessopen.com - Tallinn (Estonia)"]
[Round "5"]
[White "Piarnpuu Leili (EST)"]
[Black "Budylina Sofia (EST)"]
[Result "1-0"]
[WhiteElo "2227"]
[BlackElo "2032"]

1.d4 f5 2.Nf3 g6 3.g3 Bg7 4.Bg2 Nf6 5.O-O O-O 6.c4 d6 7.Nc3 Nc6 8.b3 e5 9.dxe5
dxe5 10.Ba3 Re8 11.e4 Qxd1 12.Raxd1 a6 13.Nd5 Nxd5 14.exd5 Nd8 15.Rfe1 Nf7
16.Nd4 Bd7 17.Ne6 Bxe6 18.dxe6 Nd8 19.e7 Nc6 20.Bd5+ Kh8 21.Bxc6 bxc6 22.Rd7
Rac8 23.Red1 Bf6 24.f4 e4 25.g4 a5 26.g5 Kg7 27.gxf6+ Kxf6 28.Rd8 Kf7 29.Rxc8
{#r} 1-0

[Event "Ch Georgia (w)"]
[Site "masterchessopen.com - Tbilisi (Georgia)"]
[Round "0"]
[White "Batsashvili Maia (GEO)"]
[Black "Tsikarishvili Nana (GEO)"]
[Result "1-0"]
[WhiteElo "2032"]
[BlackElo "2144"]

1.d4 f5 2.c4 Nf6 3.Nc3 g6 4.g3 Bg7 5.Bg2 O-O 6.Nf3 d6 7.O-O Nc6 8.b3 e5 9.e3
e4 10.Ne1 g5 11.Bb2 Ne7 12.f3 exf3 13.Nxf3 Ng6 14.Nxg5 Ng4 15.Bd5+ Kh8 16.Nf7+
Rxf7 17.Bxf7 Nxe3 18.Qh5 Bxd4 19.Bxg6 Qg8 20.Rf4 c5 21.Bf7 Qg7 22.Rxd4 cxd4
23.Ne2 Nc2 24.Rc1 Qe5 25.Rxc2 Qe3+ 26.Kg2 Qe4+ 27.Qf3 {#r} 1-0

[Event "It"]
[Site "masterchessopen.com - Timishoara (Romania)"]
[Round "0"]
[White "Stroe Carol (FRA)"]
[Black "Grunberg Sergiu-Florin (ROM)"]
[Result "0-1"]
[WhiteElo "2345"]
[BlackElo "2220"]

1.d4 f5 2.c4 Nf6 3.Nc3 d6 4.g3 g6 5.Bg2 Bg7 6.Nf3 O-O 7.O-O Nc6 8.d5 Na5 9.Qa4
c5 10.Bd2 Bd7 11.Nb5 b6 12.Bxa5 bxa5 13.Qc2 a6 14.Nc3 Rb8 15.Rae1 Ne4 16.Nd1
a4 17.Nd2 Nxd2 18.Qxd2 Qb6 19.e4 f4 20.f3 Bxb2 21.gxf4 Bd4+ 22.Kh1 Qb4 23.Qc2
a3 24.f5 Ba4 25.Qc1 Bxd1 26.Rxd1 Qb2 27.Qh6 Rf6 28.Rd2 Qc3 29.Re2 Rb2 30.Rxb2
axb2 31.Bh3 Qc2 {#R} 0-1

[Event "It (open)"]
[Site "masterchessopen.com - Zadar (Croatia)"]
[Round "3"]
[White "Bilobrk Franjo (CRO)"]
[Black "Zelic Mladen (CRO)"]
[Result "1-0"]
[WhiteElo "2369"]
[BlackElo "2353"]

1.d4 f5 2.Nf3 Nf6 3.g3 g6 4.Bg2 Bg7 5.c4 O-O 6.Nc3 d6 7.O-O Nc6 8.d5 Ne5
9.Nxe5 dxe5 10.e4 f4 11.b4 g5 12.Re1 a6 13.Bb2 Qe8 14.c5 Ng4 15.f3 Nxh2 16.g4
Nxg4 17.fxg4 h5 18.Bf3 hxg4 19.Bxg4 f3 20.Bxf3 g4 21.Bg2 Bh6 22.Bc1 Bf4 23.d6
exd6 24.Bxf4 exf4 25.Qd5+ Kh7 26.e5 f3 27.Bxf3 gxf3 28.Kf2 Bh3 29.exd6 Qg6
30.Qe4 cxd6 31.Rh1 {#r} 1-0

[Event "It (open)"]
[Site "masterchessopen.com - Zadar (Croatia)"]
[Round "9"]
[White "Sutkovic Damir (BIH)"]
[Black "Zelic Mladen (CRO)"]
[Result "1-0"]
[WhiteElo "2238"]
[BlackElo "2353"]

1.c4 f5 2.Nc3 Nf6 3.d4 g6 4.g3 Bg7 5.Bg2 O-O 6.Nf3 d6 7.O-O Nc6 8.d5 Ne5
9.Nxe5 dxe5 10.e4 f4 11.gxf4 exf4 12.e5 Ng4 13.e6 Ne5 14.Qb3 f3 15.Bh3 g5
16.Re1 g4 17.Bf1 Qe8 18.Ne4 c6 19.Ng3 Qg6 20.Bd2 b5 21.cxb5 cxd5 22.Bc3 d4
23.Bxd4 Bxe6 24.Qe3 {#r} 1-0

[Event "It (open) \"]
[Site "masterchessopen.com - Eforie Nord (Romania)"]
[Round "0"]
[White "Zanoaga Bogdan"]
[Black "Grunberg Sergiu-Florin (ROM)"]
[Result "0-1"]
[WhiteElo "1715"]
[BlackElo "2220"]

1.d4 f5 2.Nf3 Nf6 3.g3 g6 4.Bg2 Bg7 5.c4 d6 6.Nc3 O-O 7.O-O Nc6 8.Re1 Ne4 9.e3
e5 10.d5 Nxc3 11.bxc3 Na5 12.Qa4 b6 13.Bf1 Bd7 14.Qc2 g5 15.Rb1 Nb7 16.Kh1 Nc5
17.Ng1 Qf6 18.Bd2 Ne4 19.f3 Nc5 20.e4 g4 21.Bg2 gxf3 22.Bxf3 fxe4 23.Bg2 Ba4
24.Qc1 Nd3 25.Rf1 Qxf1 26.Qxf1 Nf2+ 27.Qxf2 Rxf2 28.Be3 Rxa2 29.Bxe4 Bc2 {#R}
0-1

[Event "Ch Ukraine (team)"]
[Site "masterchessopen.com - Alushta (Ukraine)"]
[Round "1"]
[White "Zhygan Alexander (UKR)"]
[Black "Ivanov Oleg (RUS)"]
[Result "0-1"]
[WhiteElo "2055"]
[BlackElo "2425"]

1.d4 f5 2.c4 Nf6 3.Nc3 g6 4.Nf3 Bg7 5.g3 O-O 6.Bg2 d6 7.O-O Nc6 8.Re1 Ne4
9.Qd3 Nxc3 10.bxc3 e5 11.e4 Qf6 12.d5 Na5 13.Nd2 b6 14.Ba3 f4 15.Qe2 Bh6
16.gxf4 Bxf4 17.Rad1 Qh4 18.Nf3 Qh5 19.Bb4 Bg4 20.Rd3 Bxh2+ 21.Kf1 Nxc4 22.Qd1
Nb2 {#R} 0-1

[Event "Ch Europe (juniors) (under 18)"]
[Site "masterchessopen.com - Chalkidiki (Greece)"]
[Round "7"]
[White "Sebenik Matej (SLO)"]
[Black "Grafl Florian (GER)"]
[Result "1-0"]
[WhiteElo "2287"]
[BlackElo "2299"]

1.d4 f5 2.g3 Nf6 3.Bg2 g6 4.c4 Bg7 5.Nf3 O-O 6.O-O d6 7.Nc3 Nc6 8.d5 Ne5
9.Nxe5 dxe5 10.c5 e4 11.Qb3 Kh8 12.Rd1 a6 13.Bd2 b6 14.cxb6 cxb6 15.Be3 Nd7
16.f3 exf3 17.Bxf3 Rb8 18.Na4 Be5 19.Rac1 Kg7 20.Rc6 Rf6 21.Bg5 Rd6 22.Qe3 Bb7
23.Nxb6 Bxc6 24.Nxd7 Qxd7 25.Qxe5+ Kf7 26.e4 Bb5 27.exf5 Rc8 28.Bg4 Kg8
29.Bxe7 Qa7+ 30.Kh1 Re8 31.f6 Rxf6 32.Qxf6 {#r} 1-0

[Event "It (open)"]
[Site "masterchessopen.com - Dubai (United Arab Emirates)"]
[Round "3"]
[White "Filippov Valerij (RUS)"]
[Black "Saleh Nagueb (UAE)"]
[Result "1-0"]
[WhiteElo "2593"]
[BlackElo "2274"]

1.Nf3 f5 2.c4 Nf6 3.g3 g6 4.Bg2 Bg7 5.O-O O-O 6.Nc3 d6 7.d4 Nc6 8.d5 Na5 9.Qa4
c5 10.dxc6 Nxc6 11.Rd1 Qa5 12.Qb3 Kh8 13.Bd2 Qb6 14.Be3 Qxb3 15.axb3 Ng4
16.Bc1 Be6 17.Nb5 Rfc8 18.e4 Nge5 19.Nfd4 Bd7 20.exf5 gxf5 21.f4 Ng4 22.h3 Nf6
23.Be3 Ne4 24.g4 Nc5 25.Nxc6 Bxc6 26.Nxa7 Bxb2 27.Nxc8 Rxa1 28.Rxa1 Bxa1
29.Bxc6 bxc6 30.Bxc5 dxc5 31.Nxe7 fxg4 32.hxg4 {#r} 1-0

[Event "Ch France (team) 2000"]
[Site "masterchessopen.com - France"]
[Round "9"]
[White "Hebden Mark (ENG)"]
[Black "Santo-Roman Marc (FRA)"]
[Result "1-0"]
[WhiteElo "2505"]
[BlackElo "2418"]

1.d4 f5 2.g3 Nf6 3.Bg2 g6 4.Nf3 Bg7 5.O-O O-O 6.c4 d6 7.Nc3 Nc6 8.d5 Na5 9.Qa4
c5 10.dxc6 bxc6 11.c5 d5 12.Ne5 Bb7 13.Bd2 Nh5 14.Nxd5 cxd5 15.Bxa5 Qc8 16.Bd2
Nf6 17.Bc1 Qd8 18.Bd2 Bc8 19.Bc1 Bb7 20.Bd2 Qc7 21.f4 Bc8 22.Bc1 Qd8 23.Qd1 e6
24.Bxd5 exd5 {#r} 1-0

[Event "It (open)"]
[Site "masterchessopen.com - Frankfurt (Germany)"]
[Round "7"]
[White "Mueller Norbert (GER)"]
[Black "Zoeller Thomas (GER)"]
[Result "0-1"]
[WhiteElo "2118"]
[BlackElo "2009"]

1.Nf3 f5 2.c4 Nf6 3.g3 d6 4.d4 g6 5.Bg2 Bg7 6.O-O O-O 7.Nc3 Nc6 8.b3 e5 9.dxe5
Nxe5 10.Bb2 Qe7 11.Re1 c6 12.Nd4 Qf7 13.f4 Neg4 14.e4 Nxe4 15.Nxe4 fxe4
16.Bxe4 g5 17.h3 Nh6 18.Nxc6 bxc6 19.Bxc6 Bxb2 20.Bd5 Bf6 21.Bxf7+ Nxf7 22.Rc1
gxf4 23.g4 Bb7 24.c5 dxc5 25.Qd7 Bd4+ 26.Kh2 Rab8 27.Re7 f3 28.Qc7 Bd5 29.Rf1
f2 30.Qf4 Rbe8 31.Rxe8 Rxe8 32.Qd2 Be5+ {#R} 0-1

[Event "Ch Austria"]
[Site "masterchessopen.com - Frohnleiten (Austria)"]
[Round "4"]
[White "Miniboeck Guenter (AUT)"]
[Black "Druckenthaner Andreas (AUT)"]
[Result "0-1"]
[WhiteElo "2413"]
[BlackElo "2299"]

1.d4 f5 2.g3 g6 3.Bg2 Nf6 4.c4 Bg7 5.Nf3 O-O 6.Nc3 d6 7.O-O Nc6 8.d5 Na5 9.Qa4
c5 10.dxc6 bxc6 11.c5 dxc5 12.Ne5 Rb8 13.Rd1 Qb6 14.Be3 Be6 15.Nd3 Nc4 16.Bf4
Rbc8 17.Qc2 Nd7 18.Na4 Qb5 19.Bg5 Ncb6 20.Nxb6 axb6 21.Nf4 Kf7 22.Nxe6 Kxe6
23.e4 Ne5 24.exf5+ Rxf5 25.f4 Qc4 26.Qf2 Ng4 27.Qe1+ Kf7 28.Bd5+ cxd5 29.Qxe7+
Kg8 30.Qe6+ Kh8 31.Qxc8+ Bf8 32.Be7 Qe2 {#R} 0-1

[Event "It (open)"]
[Site "masterchessopen.com - Frymburk (Czech Republic)"]
[Round "9"]
[White "Kopta Pavel (CZE)"]
[Black "Kastner Oldrich (CZE)"]
[Result "1-0"]
[WhiteElo "2241"]
[BlackElo "2193"]

1.d4 f5 2.g3 Nf6 3.Bg2 g6 4.Nf3 Bg7 5.c4 O-O 6.Nc3 d6 7.O-O Nc6 8.d5 Na5 9.Nd2
c5 10.Qc2 a6 11.a4 Rb8 12.b3 Bd7 13.Bb2 b5 14.axb5 axb5 15.Nxb5 Bxb5 16.cxb5
Rxb5 17.Bc3 Qb6 18.Bxa5 {#r} 1-0

[Event "Bayern Regionalliga Northeast 1999/00"]
[Site "masterchessopen.com - Germany"]
[Round "1"]
[White "Kustar Sandor (HUN)"]
[Black "Kanewski Josef (GER)"]
[Result "1-0"]
[WhiteElo "2383"]
[BlackElo "1991"]

1.Nf3 f5 2.g3 Nf6 3.Bg2 d6 4.d4 g6 5.c4 Bg7 6.Nc3 O-O 7.O-O Nc6 8.d5 Ne5
9.Nxe5 dxe5 10.Qb3 e6 11.Rd1 Qe7 12.Bd2 e4 13.Nb5 Rd8 14.Ba5 b6 15.Bc3 Bb7
16.Bb4 Qd7 17.dxe6 Qc6 18.Rxd8+ Rxd8 19.e7 Ra8 20.Rd1 Kf7 21.c5+ Ke8 22.Nd4
Qd7 23.Ne6 Bd5 24.Nxg7+ Kf7 25.e8=Q+ Rxe8 26.Nxe8 {#r} 1-0

[Event "Hessenliga 1999/00"]
[Site "masterchessopen.com - Germany"]
[Round "6"]
[White "Reus Rudolf (GER)"]
[Black "Grafl Florian (GER)"]
[Result "0-1"]
[WhiteElo "2239"]
[BlackElo "2299"]

1.c4 f5 2.Nf3 Nf6 3.g3 g6 4.Bg2 Bg7 5.O-O d6 6.d4 O-O 7.Nc3 Nc6 8.d5 Ne5
9.Nxe5 dxe5 10.e4 f4 11.f3 g5 12.g4 h5 13.h3 hxg4 14.hxg4 Qd6 15.b3 Kf7 16.a4
Ne8 17.Bh3 Rh8 18.Kg2 Rh4 19.Rh1 Qh6 20.Ba3 Nf6 21.Qf1 Bd7 22.Nd1 Bxg4 23.fxg4
Nxe4 24.Ne3 Ng3 25.Nf5 Nxf5 26.gxf5 g4 27.Kg1 gxh3 28.Kh2 e4 29.Ra2 f3 30.Rg1
{#R} 0-1

[Event "Memorial Erkel (open)"]
[Site "masterchessopen.com - Gyula (Hungary)"]
[Round "0"]
[White "Juhasz Laszlo (HUN)"]
[Black "Bogdan Dan (ROM)"]
[Result "0-1"]
[WhiteElo "2181"]
[BlackElo "2331"]

1.d4 f5 2.c4 Nf6 3.g3 d6 4.Nf3 g6 5.Bg2 Bg7 6.O-O O-O 7.Nc3 Nc6 8.d5 Na5 9.Nd2
c5 10.Qc2 a6 11.b3 Rb8 12.Bb2 b5 13.Rae1 bxc4 14.bxc4 e5 15.Nd1 Bd7 16.Bc3 Nb7
17.e4 f4 18.f3 fxg3 19.hxg3 Nh5 20.g4 Nf4 21.Nb3 Bf6 22.Ne3 Bh4 23.Rb1 Qg5
24.Be1 Bxe1 25.Rfxe1 Nd8 {#R} 0-1

[Event "Ch Hungary (team) 1999/00 (2 liga)"]
[Site "masterchessopen.com - Hungary"]
[Round "9"]
[White "Jeszenkovics Tibor (HUN)"]
[Black "Farkas Zsolt (HUN)"]
[Result "0-1"]
[WhiteElo "2171"]
[BlackElo "2256"]

1.d4 f5 2.c4 Nf6 3.Nc3 g6 4.g3 Bg7 5.Bg2 O-O 6.Nf3 d6 7.O-O Nc6 8.Bg5 Ne4
9.Bc1 Nxc3 10.bxc3 e5 11.Ba3 e4 12.Nd2 Qe7 13.e3 b6 14.Qa4 Bd7 15.Qa6 Nb8 {#R}
0-1

[Event "Ch Hungary (team) 1999/00 (2 liga)"]
[Site "masterchessopen.com - Hungary"]
[Round "7"]
[White "Kulcsar Tamas (HUN)"]
[Black "Farkas Zsolt (HUN)"]
[Result "0-1"]
[WhiteElo "2215"]
[BlackElo "2256"]

1.d4 f5 2.Nf3 Nf6 3.c4 g6 4.Nc3 Bg7 5.g3 O-O 6.Bg2 d6 7.O-O Nc6 8.d5 Ne5
9.Nxe5 dxe5 10.e4 f4 11.h3 Bd7 12.gxf4 Nh5 13.f5 Nf4 14.Bxf4 exf4 15.Ne2 Be5
16.Nd4 gxf5 17.exf5 Qe8 18.Be4 Kh8 19.Kh1 Rg8 20.Ne6 Qf7 21.Qf3 Qf6 22.Rab1
Qh4 23.Rg1 Qh6 24.b3 Rg3 25.Rxg3 fxg3 26.fxg3 Qxh3+ 27.Kg1 Bxe6 28.Qe3 Bxf5
{#R} 0-1

[Event "Ch Hungary (team) 2000/01 (3 liga)"]
[Site "masterchessopen.com - Hungary"]
[Round "1"]
[White "Martinez Otzeta Jose Maria (ESP)"]
[Black "Domany Mihaly (HUN)"]
[Result "1-0"]
[WhiteElo "2255"]
[BlackElo "2206"]

1.d4 f5 2.Nf3 g6 3.g3 Nf6 4.Bg2 Bg7 5.c4 d6 6.Nc3 O-O 7.O-O Nc6 8.d5 Ne5
9.Nxe5 dxe5 10.e4 f4 11.b4 g5 12.c5 Qe8 13.a4 a6 14.Ra2 Bh6 15.Re1 Bd7 16.Rb2
Qg6 17.b5 Bg7 18.bxa6 bxa6 19.Rb7 Ne8 20.Ba3 Bc8 21.Rb2 g4 22.d6 exd6 23.Qd5+
Be6 24.Qxa8 f3 25.Bf1 Qh5 26.Rb8 Bh6 27.Nd5 Bd7 28.c6 Be6 29.Rxe8 {#r} 1-0